El hombre y su poesia /

Bibliographic Details
Main Author: Hernández, Miguel, 1910-1942
Other Authors: Cano Ballesta, Juan
Format: Book
Language:Spanish
Published: Madrid : Catedra, [1983]
Edition:6. ed.
Series:Letras hispánicas ; 2.

MARC

Tag First Indicator Second Indicator Subfields
LEADER 00000cam a2200000 a 4500
001 in00000560021
005 20151014053823.0
008 850312s1983 sp b 00010 spa d
020 |a 8437600014 
035 |a (OCoLC)11797113 
035 |9 ACK3805AM 
040 |a VYF  |c VYF  |d TXA  |d UtOrBLW 
049 |a TXAM  |c [A08981744] 
090 |a PQ6615.E57  |b H6 1983 
100 1 |a Hernández, Miguel,  |d 1910-1942. 
245 1 3 |a El hombre y su poesia /  |c Miguel Hernandez ; edicion de Juan Cano Ballesta. 
250 |a 6. ed. 
264 1 |a Madrid :  |b Catedra,  |c [1983] 
264 4 |c ©1983 
300 |a 206 pages ;  |c 18 cm. 
336 |a text  |b txt  |2 rdacontent 
337 |a unmediated  |b n  |2 rdamedia 
338 |a volume  |b nc  |2 rdacarrier 
490 1 |a Letras hispánicas ;  |v 2 
504 |a Bibliography: pages 39-42. 
700 1 |a Cano Ballesta, Juan. 
830 0 |a Letras hispánicas ;  |v 2. 
999 |a MARS 
999 f f |s 9f76897c-6f38-31dc-8afb-f0be72505188  |i 63a82e36-aaad-3e81-b453-68ab559ab1e8  |t 0 
952 f f |p normal  |a Texas A&M University  |b College Station  |c Sterling C. Evans Library  |d Evans: Library Stacks  |t 0  |e PQ6615.E57 H6 1983  |h Library of Congress classification  |i unmediated -- volume  |m A14808981744 
998 f f |a PQ6615.E57 H6 1983  |t 0  |l Evans: Library Stacks